[Event "Rated Blitz game"]
[Site "?"]
[Date "2021.07.12"]
[Round "?"]
[White "mbojan23"]
[Black "Fantastic_power06"]
[Result "0-1"]
[WhiteElo "2644"]
[BlackElo "2648"]
[PlyCount "124"]
[EventDate "2021.??.??"]
[EventType "blitz"]

1. e4 e5 2. Nf3 d5 3. Nxe5 Bd6 4. d4 dxe4 5. Nc3 Bxe5 6. dxe5 Qxd1+ 7. Kxd1 Nc6
8. Bb5 Bd7 9. Nxe4 O-O-O 10. Bd2 Nxe5 11. Bxd7+ Rxd7 12. Re1 f5 13. Nc3 Nc4 14.
Re2 Rd8 15. b3 Nxd2 16. Rxd2 Nf6 17. f3 Rhe8 18. Rxd8+ Kxd8 19. Kd2 g5 20. Re1
h5 21. Rxe8+ Nxe8 22. h4 gxh4 23. Ke3 Ke7 24. Kf4 Kf6 25. Nd5+ Ke6 26. Ne3 Ng7
27. Kg5 Ke5 28. c3 b5 29. Kxh4 f4 30. Nc2 c5 31. Kg5 a5 32. Kg6 Nf5 33. Kxh5
Ne3 34. Ne1 Kf5 35. Kh4 c4 36. bxc4 bxc4 37. g4+ fxg3 38. Kxg3 Nd5 39. Nc2 Nxc3
40. Ne3+ Kf6 41. a3 a4 42. Nxc4 Ke6 43. f4 Kd5 44. Nd2 Kd4 45. Kg4 Ke3 46. Nf1+
Kd4 47. f5 Ne4 48. Ng3 Nd6 49. f6 Kc3 50. Nf5 Nf7 51. Kh5 Kb3 52. Nh6 Nd6 53.
Kg4 Kxa3 54. Kf4 Kb4 55. Ke5 Kc5 56. Nf5 Nf7+ 57. Ke6 a3 58. Kxf7 a2 59. Ke6
a1=Q 60. f7 Qe1+ 61. Kf6 Qc3+ 62. Ke7 Qe5+ {Time forfeit} 0-1

[Event "Rated Rapid game"]
[Site "?"]
[Date "2021.07.12"]
[Round "?"]
[White "PaBr"]
[Black "tri_hs"]
[Result "0-1"]
[WhiteElo "2509"]
[BlackElo "2391"]
[PlyCount "30"]
[EventDate "2021.??.??"]
[EventType "rapid"]

1. e4 e5 2. Nf3 d5 3. exd5 e4 4. Ne5 Qxd5 5. d4 exd3 6. Nxd3 Nc6 7. Nc3 Qa5 8.
Qe2+ Be7 9. Bd2 Nf6 10. O-O-O Bf5 11. Kb1 O-O-O 12. Ne5 Nxe5 13. Nb5 Qa4 14.
Qxe5 Qxc2+ 15. Ka1 Qxd1+ {Normal} 0-1

[Event "Rated Blitz tournament 5uRYeP1O"]
[Site "?"]
[Date "2021.07.12"]
[Round "?"]
[White "BM_BKD"]
[Black "dr_xStranger"]
[Result "0-1"]
[WhiteElo "2339"]
[BlackElo "2536"]
[PlyCount "76"]
[EventDate "2021.??.??"]
[EventType "blitz"]

1. e4 e5 2. Nf3 d5 3. exd5 e4 4. Qe2 Nf6 5. Nc3 Be7 6. Nxe4 O-O 7. d6 Nxe4 8.
dxe7 Qxe7 9. d3 Qb4+ 10. Kd1 Nf6 11. c3 Qa4+ 12. Qc2 Qc6 13. Nd4 Qd5 14. Qb3
Qh5+ 15. Be2 Bg4 16. f3 Bd7 17. Qxb7 Qd5 18. Qxd5 Nxd5 19. c4 Nf6 20. Re1 Nc6
21. Nxc6 Bxc6 22. Bf4 Rad8 23. Kc2 Rd7 24. Rad1 Rfd8 25. Bf1 a5 26. Be5 a4 27.
d4 a3 28. b3 h6 29. d5 Bb7 30. Bd3 c6 31. Bf5 Re7 32. d6 Ree8 33. Bxf6 Rxe1 34.
Rxe1 gxf6 35. c5 Kg7 36. Re7 Bc8 37. Bxc8 Rxc8 38. Kc3 Rd8 {Time forfeit} 0-1

[Event "Rated Blitz game"]
[Site "?"]
[Date "2021.07.12"]
[Round "?"]
[White "vladvg1972"]
[Black "vovaches"]
[Result "0-1"]
[WhiteElo "2453"]
[BlackElo "2602"]
[PlyCount "68"]
[EventDate "2021.??.??"]
[EventType "blitz"]

1. e4 e5 2. Nf3 d5 3. Nxe5 Bd6 4. d4 dxe4 5. Qh5 g6 6. Qe2 f5 7. Nc4 Nf6 8.
Nxd6+ Qxd6 9. c3 O-O 10. Bh6 Re8 11. Nd2 Be6 12. Nc4 Qe7 13. Bg5 Nbd7 14. O-O-O
Qf7 15. b3 a5 16. Kb2 a4 17. Ne5 Nxe5 18. dxe5 Nd7 19. Qb5 axb3 20. axb3 c6 21.
Qb4 Nxe5 22. Be3 Red8 23. Be2 Nd3+ 24. Bxd3 exd3 25. Rhe1 Rd5 26. Ra1 Rad8 27.
c4 R5d7 28. Bd2 b5 29. cxb5 cxb5 30. Ra6 Bd5 31. Qc3 Rc7 32. Qe5 Rc2+ 33. Kb1
Rxd2 34. Rf6 Qd7 {Time forfeit} 0-1

[Event "Rated Blitz game"]
[Site "?"]
[Date "2021.07.12"]
[Round "?"]
[White "Vakho2"]
[Black "artsportscience"]
[Result "1-0"]
[WhiteElo "2370"]
[BlackElo "2411"]
[PlyCount "89"]
[EventDate "2021.??.??"]
[EventType "blitz"]

1. e4 e5 2. Nf3 d5 3. Nxe5 Bd6 4. d4 dxe4 5. Qh5 Be6 6. Nc3 Nf6 7. Qe2 Bf5 8.
Bg5 O-O 9. Bxf6 Qxf6 10. Nxe4 Bxe4 11. Qxe4 Re8 12. f4 Nc6 13. O-O-O a5 14. Bc4
Bxe5 15. fxe5 Qg5+ 16. Kb1 Rad8 17. Rhf1 Re7 18. Rf5 Qh6 19. Rdf1 Rf8 20. d5
Nb4 21. a3 Na6 22. h4 Nc5 23. Qf3 Qxh4 24. d6 cxd6 25. Rxf7 Rexf7 26. Bxf7+ Kh8
27. e6 h6 28. Qd5 Rd8 29. Bg6 Qe7 30. Bf5 Rf8 31. g4 Rf6 32. Rh1 Nxe6 33. Rd1
Nc5 34. Qc4 Qe5 35. Qc3 Rf8 36. Qxe5 dxe5 37. Rd5 Nd7 38. Rxd7 e4 39. Re7 e3
40. Rxe3 Rf6 41. Re6 Rf8 42. Re7 Kg8 43. c4 g6 44. Be6+ Kh8 45. Rh7+ {Time
forfeit} 1-0

[Event "Rated Blitz game"]
[Site "?"]
[Date "2021.07.12"]
[Round "?"]
[White "PrimumSemper"]
[Black "Fantastic_power06"]
[Result "1-0"]
[WhiteElo "2562"]
[BlackElo "2671"]
[PlyCount "121"]
[EventDate "2021.??.??"]
[EventType "blitz"]

1. e4 e5 2. Nf3 d5 3. Nxe5 Bd6 4. d4 dxe4 5. Nc4 Nc6 6. Nc3 Bf5 7. Be2 Nf6 8.
O-O h5 9. Bg5 Bxh2+ 10. Kh1 Bd6 11. Ne3 Bg6 12. Ncd5 Be7 13. Nxe7 Qxe7 14. d5
Ne5 15. Qd4 O-O 16. Qc3 Rfd8 17. Rad1 Qd6 18. Bf4 Nfd7 19. Nc4 Qf6 20. Bxe5
Nxe5 21. Qxe5 Qh4+ 22. Kg1 Rac8 23. Ne3 Re8 24. Qg3 Qf6 25. c3 Re5 26. Qh3 Rd8
27. g3 Rg5 28. Ng2 Bf5 29. Qh2 Qb6 30. Qh4 Qh6 31. Ne3 Bc8 32. Rd4 Re8 33. Rxe4
Rxe4 34. Qxe4 Bh3 35. Qe8+ Kh7 36. Bd3+ g6 37. Qxf7+ Kh8 38. Re1 Qg7 39. Qxg7+
Kxg7 40. c4 Re5 41. Ng2 Rxe1+ 42. Nxe1 g5 43. Nf3 Kf6 44. Kh2 Bd7 45. Kg2 a5
46. b3 b6 47. Nd2 Ke5 48. Ne4 Kd4 49. Bb1 Bf5 50. Nd2 Bxb1 51. Nxb1 Kd3 52. Na3
Kc3 53. Nb5+ Kb2 54. Nxc7 Kxa2 55. d6 Kxb3 56. d7 a4 57. d8=Q a3 58. Qd3+ Kb2
59. Nb5 a2 60. Qc3+ Kb1 61. Na3# {Normal} 1-0

[Event "Rated Blitz tournament 8tl2zXON"]
[Site "?"]
[Date "2021.07.12"]
[Round "?"]
[White "VicenteGutierrez"]
[Black "petrosianuro"]
[Result "1-0"]
[WhiteElo "2455"]
[BlackElo "2276"]
[PlyCount "83"]
[EventDate "2021.??.??"]
[EventType "blitz"]

1. e4 e5 2. Nf3 d5 3. exd5 e4 4. Ne5 Qxd5 5. d4 exd3 6. Nxd3 Nf6 7. Nc3 Qf5 8.
Be2 Bd6 9. O-O O-O 10. Bf3 Nc6 11. Ne2 Bd7 12. Ng3 Qg6 13. Nf4 Bxf4 14. Bxf4
Rac8 15. c3 Rfd8 16. Qb1 Bg4 17. Qxg6 fxg6 18. Bxg4 Nxg4 19. Rfd1 Nge5 20. Ne4
Nd3 21. Bc1 Nxc1 22. Raxc1 Rxd1+ 23. Rxd1 Rd8 24. Rxd8+ Nxd8 25. Kf1 b6 26. Ke2
h6 27. Kd3 Kf7 28. Kd4 Ke6 29. b4 Nb7 30. Kc4 a6 31. Kd4 g5 32. f3 a5 33. a3
axb4 34. cxb4 g6 35. a4 Nd8 36. Kc4 Nc6 37. Nc3 Ke5 38. Nb5 g4 39. fxg4 Kf4 40.
Nxc7 Kxg4 41. Nd5 Ne5+ 42. Kb5 {Normal} 1-0

[Event "Rated Blitz game"]
[Site "?"]
[Date "2021.07.12"]
[Round "?"]
[White "Narti08"]
[Black "ekdubov"]
[Result "0-1"]
[WhiteElo "2407"]
[BlackElo "2266"]
[PlyCount "130"]
[EventDate "2021.??.??"]
[EventType "blitz"]

1. e4 e5 2. Nf3 d5 3. Nxe5 Bd6 4. d4 dxe4 5. Bf4 Nf6 6. h3 O-O 7. Be2 c5 8. c3
Nc6 9. Nxc6 bxc6 10. Bxd6 Qxd6 11. dxc5 Qxc5 12. O-O Rb8 13. b3 Bf5 14. Qc1
Rfe8 15. Qe3 Qb6 16. c4 Bg6 17. Nc3 Rbd8 18. Rad1 Nd7 19. Na4 Qxe3 20. fxe3 Ne5
21. Nc5 Nd3 22. Bxd3 exd3 23. Rfe1 Bh5 24. g4 Bg6 25. e4 a5 26. Kf2 Re5 27.
Rxd3 Rxd3 28. Nxd3 Rxe4 29. Rxe4 Bxe4 30. Nc5 Bb1 31. a3 Kf8 32. Ke3 Ke7 33.
Nb7 a4 34. bxa4 Kd7 35. Kd4 Kc7 36. Nc5 Kb6 37. Nd7+ Ka5 38. Kc5 Be4 39. Ne5
Kxa4 40. Nxf7 Kxa3 41. Ne5 Bg2 42. h4 h6 43. Nxc6 g5 44. hxg5 hxg5 45. Ne5 Kb3
46. Kd4 Kb4 47. Nf7 Bf3 48. Ne5 Be2 49. Kd5 Ka4 50. Kd6 Ka5 51. c5 Ka6 52. c6
Ka7 53. Kd7 Bb5 54. Kd6 Kb8 55. Nf7 Kc8 56. Nxg5 Be2 57. Nf7 Bxg4 58. Ne5 Bh3
59. c7 Kb7 60. Nd7 Bg4 61. Nc5+ Kb6 62. Nd7+ Kb7 63. Ne5 Bh3 64. Nc6 Kb6 65.
Ne7 Kb7 {Time forfeit} 0-1

[Event "Rated Blitz game"]
[Site "?"]
[Date "2021.07.12"]
[Round "?"]
[White "puzzle_boi"]
[Black "ekdubov"]
[Result "1-0"]
[WhiteElo "2423"]
[BlackElo "2300"]
[PlyCount "139"]
[EventDate "2021.??.??"]
[EventType "blitz"]

1. e4 e5 2. Nf3 d5 3. Nxe5 Bd6 4. d4 dxe4 5. Bc4 Bxe5 6. Qh5 Qe7 7. Qxe5 Qxe5
8. dxe5 Ne7 9. Nc3 O-O 10. Nxe4 Nbc6 11. f4 Bf5 12. Bd3 Nb4 13. O-O Rad8 14.
Re1 Nxd3 15. cxd3 Rxd3 16. Ng3 Be6 17. Be3 b6 18. Rad1 Rfd8 19. Rxd3 Rxd3 20.
b3 c5 21. Kf2 Nd5 22. f5 Bd7 23. Re2 h5 24. h4 g6 25. fxg6 fxg6 26. Rd2 Rxd2+
27. Bxd2 Kf7 28. Kf3 Bg4+ 29. Ke4 Ke6 30. Bf4 Nxf4 31. Kxf4 Bd1 32. Ne4 Bc2 33.
Nc3 a6 34. g3 b5 35. Ne4 c4 36. bxc4 bxc4 37. Nd2 Bd3 38. Ke3 a5 39. Kd4 a4 40.
Nxc4 Bxc4 41. Kxc4 Kxe5 42. Kb4 Ke4 43. Kxa4 Kf3 44. Kb3 Kxg3 45. a4 Kxh4 46.
a5 g5 47. a6 g4 48. a7 g3 49. a8=Q Kh3 50. Qh1+ Kg4 51. Kc3 h4 52. Kd3 h3 53.
Qe4+ Kg5 54. Qe5+ Kg4 55. Qe4+ Kg5 56. Ke3 g2 57. Qe5+ Kg4 58. Qf4+ Kh5 59. Qg3
g1=Q+ 60. Qxg1 Kh4 61. Qh2 Kg4 62. Kf2 Kh4 63. Qg3+ Kh5 64. Kg1 h2+ 65. Kxh2
Kh6 66. Kg2 Kh5 67. Kf3 Kh6 68. Kf4 Kh5 69. Kf5 Kh6 70. Qg6# {Normal} 1-0

[Event "Rated Blitz game"]
[Site "?"]
[Date "2021.07.12"]
[Round "?"]
[White "DavletbayevaM"]
[Black "rofaidah"]
[Result "0-1"]
[WhiteElo "2434"]
[BlackElo "2429"]
[PlyCount "110"]
[EventDate "2021.??.??"]
[EventType "blitz"]

1. e4 e5 2. Nf3 d5 3. Nxe5 Qe7 4. d4 f6 5. Nd3 dxe4 6. Nf4 Bf5 7. Bb5+ c6 8.
Bc4 Nd7 9. O-O O-O-O 10. a4 g5 11. Ne2 h5 12. a5 h4 13. a6 b6 14. Be3 h3 15. g3
Ne5 16. dxe5 Rxd1 17. Rxd1 fxe5 18. Bxb6 Nf6 19. Rd8+ Qxd8 20. Bxd8 Kxd8 21.
Nbc3 Kc7 22. Rd1 Bc5 23. Na4 Bb6 24. Nxb6 Kxb6 25. Rd6 Ng4 26. Nc3 Kc5 27. Be6
Kxd6 28. Bxf5 Nf6 29. Bxe4 Rb8 30. b3 Rb4 31. Bf5 g4 32. f3 gxf3 33. Bxh3 Rd4
34. Kf2 Rd2+ 35. Kxf3 Rxc2 36. Ne2 Rb2 37. Ke3 Rxb3+ 38. Kd2 Rb2+ 39. Kd3 e4+
40. Ke3 Nd5+ 41. Kf2 Rxe2+ 42. Kxe2 Ke5 43. Bd7 c5 44. h4 Nf6 45. g4 Nxd7 46.
h5 Kf6 47. h6 Nf8 48. Ke3 Ke5 49. g5 Ng6 50. h7 c4 51. Kd2 Kd4 52. Ke2 c3 53.
Kd1 Kd3 54. Kc1 e3 55. Kd1 e2+ {Time forfeit} 0-1

[Event "Rated Rapid game"]
[Site "?"]
[Date "2021.07.12"]
[Round "?"]
[White "JAC21"]
[Black "el7or95"]
[Result "0-1"]
[WhiteElo "2422"]
[BlackElo "2271"]
[PlyCount "24"]
[EventDate "2021.??.??"]
[EventType "rapid"]

1. e4 e5 2. Nf3 d5 3. Nxe5 Nd7 4. Nxd7 Qxd7 5. e5 d4 6. f4 Bc5 7. Bc4 d3 8.
Bxd3 Qd4 9. Qe2 Qxf4 10. Nc3 Bg4 11. Nd5 Qd4 12. Qe4 Qf2# {Normal} 0-1

[Event "Rated Blitz tournament 5uRYeP1O"]
[Site "?"]
[Date "2021.07.12"]
[Round "?"]
[White "Tresna_BKD"]
[Black "dr_xStranger"]
[Result "0-1"]
[WhiteElo "2304"]
[BlackElo "2529"]
[PlyCount "90"]
[EventDate "2021.??.??"]
[EventType "blitz"]

1. e4 e5 2. Nf3 d5 3. Qe2 dxe4 4. Qxe4 Bd6 5. d4 Nf6 6. Qe2 e4 7. Ne5 O-O 8.
Nc3 Nc6 9. Nxc6 bxc6 10. Be3 Re8 11. g3 Bg4 12. Qd2 Bf3 13. Rg1 Ng4 14. Be2
Nxh2 15. O-O-O Bxe2 16. Qxe2 Nf3 17. Rh1 Qf6 18. Rh5 Qg6 19. Rdh1 f5 20. Rxh7
Qxh7 21. Qc4+ Kh8 22. Rxh7+ Kxh7 23. Qxc6 Rab8 24. Qd7 Rf8 25. Nd5 Rbd8 26. Qa4
Bxg3 27. fxg3 Rxd5 28. Qxa7 Rfd8 29. Qxc7 Nxd4 30. Bxd4 Rxd4 31. b4 e3 32. Qe7
Re4 33. Qxd8 e2 34. Qd2 e1=Q+ 35. Qxe1 Rxe1+ 36. Kd2 Re4 37. Kc3 Re3+ 38. Kc4
Rxg3 39. b5 Rg6 40. a4 f4 41. a5 f3 42. Kd3 Rf6 43. b6 f2 44. b7 f1=Q+ 45. Kc3
Qf3+ {Normal} 0-1

[Event "Rated Blitz game"]
[Site "?"]
[Date "2021.07.12"]
[Round "?"]
[White "Gerardo_1414"]
[Black "Almalik25"]
[Result "0-1"]
[WhiteElo "2496"]
[BlackElo "2355"]
[PlyCount "46"]
[EventDate "2021.??.??"]
[EventType "blitz"]

1. e4 e5 2. Nf3 d5 3. exd5 e4 4. Qe2 Nf6 5. Nc3 Bd6 6. Nd4 O-O 7. Qc4 Re8 8.
Qb3 Nbd7 9. h3 Nc5 10. Qc4 a6 11. b4 b5 12. Qe2 Nd3+ 13. Kd1 Nxb4 14. a4 Bd7
15. axb5 axb5 16. Rxa8 Qxa8 17. Ndxb5 Qa1 18. Qc4 Rb8 19. Nxd6 cxd6 20. g4
Nbxd5 21. Nxd5 Rb1 22. Nxf6+ gxf6 23. Qxe4 Rxc1+ {Normal} 0-1

[Event "Rated Blitz game"]
[Site "?"]
[Date "2021.07.12"]
[Round "?"]
[White "Abdullah1508"]
[Black "artsportscience"]
[Result "1-0"]
[WhiteElo "2408"]
[BlackElo "2418"]
[PlyCount "75"]
[EventDate "2021.??.??"]
[EventType "blitz"]

1. e4 e5 2. Nf3 d5 3. exd5 e4 4. Qe2 Nf6 5. c4 Be7 6. Nd4 O-O 7. Nc3 c6 8. Nxe4
cxd5 9. cxd5 Qxd5 10. Nxf6+ Bxf6 11. Nb3 Nc6 12. d3 Bf5 13. Be3 Bxb2 14. Qxb2
Nb4 15. Rd1 Rac8 16. f3 Nc2+ 17. Kf2 Nb4 18. Be2 Rc2 19. Qd4 Qxd4 20. Bxd4 Bxd3
21. Rd2 Bxe2 22. Kxe2 Rxa2 23. Rxa2 Nxa2 24. Ra1 Re8+ 25. Kf2 Nb4 26. Rxa7 Nd3+
27. Kg3 h5 28. h4 b5 29. Rb7 Re2 30. Rxb5 Ne1 31. Bf2 Nd3 32. Bd4 Ne1 33. Kh3
Nxg2 34. Nc5 Nf4+ 35. Kg3 Ng6 36. Ne4 Re1 37. Rb8+ Kh7 38. Ng5+ {Normal} 1-0

[Event "Rated Blitz game"]
[Site "?"]
[Date "2021.07.11"]
[Round "?"]
[White "ZhMS"]
[Black "ekdubov"]
[Result "1-0"]
[WhiteElo "2418"]
[BlackElo "2241"]
[PlyCount "68"]
[EventDate "2021.??.??"]
[EventType "blitz"]

1. e4 e5 2. Nf3 d5 3. Nc3 d4 4. Ne2 d3 5. cxd3 Nc6 6. d4 exd4 7. d3 Bc5 8. a3
a5 9. g3 Nge7 10. Bg2 O-O 11. O-O Ng6 12. Bd2 h5 13. b4 axb4 14. axb4 Rxa1 15.
Qxa1 Nxb4 16. Bxb4 Bxb4 17. Nexd4 h4 18. Nc2 Be7 19. d4 c5 20. d5 b5 21. Rd1
Re8 22. e5 hxg3 23. hxg3 Bg4 24. d6 Bf8 25. Re1 b4 26. Qa7 b3 27. Ne3 Bxf3 28.
Bxf3 Nxe5 29. Bd5 Qf6 30. Qxc5 Bxd6 31. Qb5 b2 32. Qxe8+ Kh7 33. Qb5 Qe7 34.
Qxb2 Bc5 {Normal} 1-0

[Event "Rated Blitz game"]
[Site "?"]
[Date "2021.07.11"]
[Round "?"]
[White "dumisani3000"]
[Black "KamranShirazi"]
[Result "0-1"]
[WhiteElo "2288"]
[BlackElo "2470"]
[PlyCount "66"]
[EventDate "2021.??.??"]
[EventType "blitz"]

1. e4 e5 2. Nf3 d5 3. exd5 e4 4. Qe2 Nf6 5. Nc3 Be7 6. Nxe4 Nxd5 7. d3 O-O 8.
Be3 f5 9. Nc3 Bb4 10. Qd2 f4 11. Bd4 Re8+ 12. Be2 Nc6 13. a3 Nxd4 14. Nxd4 Nxc3
15. bxc3 Ba5 16. Nb3 f3 17. gxf3 Bb6 18. O-O-O Qe7 19. Kb2 Qxe2 20. Qg5 Qe7 21.
Qg3 Qd6 22. Qg5 Qf6 23. Qg3 Bf5 24. Rhg1 a5 25. Rg2 a4 26. Nd2 Ra5 27. d4 Rb5+
28. Kc1 Bg6 29. h4 Bxd4 30. cxd4 Qxd4 31. Ne4 Qb2+ 32. Kd2 Rd5+ 33. Ke1 Bxe4 {
Normal} 0-1

[Event "Rated Blitz tournament 1PKB7ZGY"]
[Site "?"]
[Date "2021.07.11"]
[Round "?"]
[White "Abylkasymov"]
[Black "om_gendut"]
[Result "0-1"]
[WhiteElo "2391"]
[BlackElo "2425"]
[PlyCount "60"]
[EventDate "2021.??.??"]
[EventType "blitz"]

1. e4 e5 2. Nf3 d5 3. d4 dxe4 4. Nxe5 Bd6 5. Nc4 Be7 6. Be2 Nf6 7. O-O O-O 8.
f3 Bf5 9. Bg5 Nc6 10. c3 Bg6 11. Nbd2 Re8 12. f4 h6 13. Bh4 Nd5 14. Bxe7 Qxe7
15. f5 Bh7 16. Qe1 b5 17. f6 Nxf6 18. Ne3 a6 19. Qg3 Qd6 20. Qh4 Nxd4 21. cxd4
Qxd4 22. Rxf6 Qxe3+ 23. Qf2 Qxd2 24. Rxf7 Qd6 25. Rf1 Bg6 26. Rf4 Rf8 27. Qg3
Rxf4 28. Rxf4 Rf8 29. Rg4 Qc5+ 30. Kh1 Qc1+ {Normal} 0-1

[Event "Rated Blitz tournament pdRZD7CO"]
[Site "?"]
[Date "2021.07.11"]
[Round "?"]
[White "Elenetsotsonava"]
[Black "Schachelite"]
[Result "0-1"]
[WhiteElo "2283"]
[BlackElo "2484"]
[PlyCount "140"]
[EventDate "2021.??.??"]
[EventType "blitz"]

1. e4 e5 2. Nf3 d5 3. Nxe5 Bd6 4. d4 dxe4 5. Bf4 Nf6 6. Bc4 O-O 7. O-O Nbd7 8.
Nxd7 Qxd7 9. Be5 Qe7 10. Bxd6 cxd6 11. Nc3 Bg4 12. Qe1 Rac8 13. Bb3 Rfe8 14. h3
Bh5 15. Qe3 Qd7 16. Rae1 d5 17. Qg5 Red8 18. Nxd5 Nxd5 19. Qxh5 Nf6 20. Qe5
Qxd4 21. Qe7 Rf8 22. Rd1 Qxb2 23. Qxb7 Qe5 24. Qxa7 g6 25. Rfe1 Kg7 26. f3 Rce8
27. fxe4 Nxe4 28. Rf1 Re7 29. Qd4 Qxd4+ 30. Rxd4 f5 31. Bd5 Ng3 32. Rfd1 Ne2+
33. Kf2 Nxd4 34. Rxd4 Rfe8 35. Bb3 Re2+ 36. Kf1 Re1+ 37. Kf2 R8e2+ 38. Kf3 Re3+
39. Kf2 g5 40. Rd7+ Kg6 41. Rd6+ Kg7 42. Rd7+ Re7 43. Rd6 h5 44. Rd5 R1e5 45.
Rxe5 Rxe5 46. a4 Kf6 47. Kf3 g4+ 48. hxg4 hxg4+ 49. Kg3 Kg5 50. Kf2 f4 51. a5
g3+ 52. Kf1 Rxa5 53. Bc4 Kf5 54. Bd3+ Ke5 55. Ke2 Ra1 56. Kf3 Re1 57. Kg4 Rg1
58. Kf3 Re1 59. Kg4 Re3 60. Kg5 f3 61. gxf3 g2 62. f4+ Kd4 63. f5 g1=Q+ 64. Kf6
Qf2 65. Kg6 Rxd3 66. cxd3 Ke5 67. f6 Qxf6+ 68. Kh5 Qg7 69. Kh4 Kf4 70. Kh3 Qg3#
{Normal} 0-1

[Event "Rated Rapid game"]
[Site "?"]
[Date "2021.07.11"]
[Round "?"]
[White "GioGogola"]
[Black "hy847"]
[Result "1/2-1/2"]
[WhiteElo "2456"]
[BlackElo "2483"]
[PlyCount "77"]
[EventDate "2021.??.??"]
[EventType "rapid"]

1. e4 e5 2. Nf3 d5 3. Nxe5 Bd6 4. d4 dxe4 5. Nc3 Bxe5 6. dxe5 Qxd1+ 7. Nxd1 Nc6
8. Bf4 Be6 9. Ne3 O-O-O 10. c3 Nge7 11. Bb5 a6 12. Ba4 h6 13. h4 b5 14. Bc2 Nd5
15. Nxd5 Bxd5 16. O-O-O Rhe8 17. Rxd5 Rxd5 18. Bxe4 Rc5 19. Be3 Rc4 20. Bd5
Nxe5 21. Bxc4 Nxc4 22. Bd4 h5 23. b3 Nd6 24. Bxg7 Rg8 25. Bd4 Rxg2 26. Rh3 Kd7
27. Rf3 Rg4 28. Bf6 Ne4 29. Kc2 c5 30. Bg5 Ke6 31. Re3 Kf5 32. Rf3+ Kg6 33. Be7
f6 34. Re3 Rxh4 35. a4 bxa4 36. bxa4 c4 37. a5 Rf4 38. f3 Ng5 39. Re6 {Normal}
1/2-1/2

[Event "Rated Blitz game"]
[Site "?"]
[Date "2021.07.11"]
[Round "?"]
[White "JAIGANESH_1818"]
[Black "om_gendut"]
[Result "1-0"]
[WhiteElo "2323"]
[BlackElo "2427"]
[PlyCount "87"]
[EventDate "2021.??.??"]
[EventType "blitz"]

1. e4 e5 2. Nf3 d5 3. d4 dxe4 4. Nxe5 Bd6 5. Bf4 Nf6 6. Bc4 O-O 7. O-O Qe7 8.
Nc3 Nbd7 9. Nxd7 Bxd7 10. Bxd6 Qxd6 11. Re1 Rfe8 12. h3 Rad8 13. Qd2 Bf5 14.
Rad1 a6 15. Bb3 Bg6 16. Qg5 Re7 17. Re3 b5 18. Rde1 Rde8 19. Ne2 c6 20. c3 h6
21. Qxg6 a5 22. Qg3 Qd7 23. Bc2 Qf5 24. Qf4 Qg6 25. Ng3 Nd5 26. Qf5 Nxe3 27.
Qxg6 Nxc2 28. Qxc6 Nxe1 29. d5 Rd8 30. Qxb5 Red7 31. c4 Nd3 32. Nxe4 Ne5 33. d6
f6 34. Qd5+ Kh8 35. c5 Rc8 36. Qe6 Rcd8 37. a3 Nc6 38. Qd5 Rc8 39. b4 axb4 40.
axb4 Nxb4 41. Qe6 Rcd8 42. Ng3 Nc6 43. Nf5 Nd4 44. Nxd4 {Time forfeit} 1-0

[Event "Rated Blitz tournament pdRZD7CO"]
[Site "?"]
[Date "2021.07.11"]
[Round "?"]
[White "chicago_blitzer"]
[Black "VVV-31"]
[Result "1-0"]
[WhiteElo "2487"]
[BlackElo "2278"]
[PlyCount "133"]
[EventDate "2021.??.??"]
[EventType "blitz"]

1. e4 e5 2. Nf3 d5 3. Nxe5 Bd6 4. d4 dxe4 5. Nc4 Nf6 6. Nc3 O-O 7. Bg5 Bf5 8.
Be2 Bb4 9. Qd2 Nc6 10. O-O-O h6 11. Bxf6 Qxf6 12. a3 Bxc3 13. Qxc3 Rad8 14. d5
Qxc3 15. bxc3 Ne7 16. Ne3 Bg6 17. c4 f5 18. g3 b6 19. h4 Bf7 20. h5 Kh7 21. Kb2
Bg8 22. a4 a5 23. Ng2 Nc8 24. Nf4 Nd6 25. Kc3 Bf7 26. Rhe1 Rfe8 27. Bf1 Nb7 28.
Bh3 Nd6 29. Rd2 Kg8 30. Rdd1 Kf8 31. Re3 Re7 32. Rde1 Be8 33. Ne6+ Rxe6 34.
dxe6 Ke7 35. f3 Bxa4 36. fxe4 fxe4 37. Rxe4 Nxe4+ 38. Rxe4 Bc6 39. Rf4 Rf8 40.
Rg4 Rf3+ 41. Kb2 Kxe6 42. Rg6+ Ke5 43. Rxc6 Rxg3 44. Bf1 Kd4 45. Rxc7 Rg5 46.
Bd3 Rxh5 47. Rxg7 Rg5 48. Rh7 h5 49. Rh6 Kc5 50. Be2 Re5 51. Rxh5 Rxh5 52. Bxh5
Kxc4 53. Bf7+ Kc5 54. Kb3 b5 55. Kc3 a4 56. Be8 b4+ 57. Kb2 b3 58. c3 a3+ 59.
Kxb3 a2 60. Kxa2 Kc4 61. Kb2 Kd3 62. Kb3 Ke4 63. Kb4 Ke5 64. c4 Kd6 65. Kb5 Kc7
66. Kc5 Kd8 67. Kd6 {Time forfeit} 1-0

[Event "Rated Blitz tournament 1PKB7ZGY"]
[Site "?"]
[Date "2021.07.11"]
[Round "?"]
[White "Evan-chess"]
[Black "om_gendut"]
[Result "0-1"]
[WhiteElo "2365"]
[BlackElo "2411"]
[PlyCount "114"]
[EventDate "2021.??.??"]
[EventType "blitz"]

1. e4 e5 2. Nf3 d5 3. exd5 e4 4. Nd4 Qxd5 5. Nb3 Nf6 6. Be2 Bd6 7. Nc3 Qe5 8.
d4 exd3 9. Qxd3 Bf5 10. Qe3 Bxc2 11. Qxe5+ Bxe5 12. Nc5 b6 13. Bf3 c6 14. Nb3
O-O 15. O-O Bxc3 16. bxc3 Be4 17. Be2 c5 18. Bg5 Nbd7 19. Rad1 h6 20. Bf4 Rfd8
21. f3 Bc6 22. Rd6 Ba4 23. Rfd1 Re8 24. Kf2 Nf8 25. R1d2 Ne6 26. Bg3 Rad8 27.
Bc4 Rxd6 28. Rxd6 Ng5 29. Kg1 Ne6 30. h4 Kf8 31. Be5 Ke7 32. Rd1 Rd8 33. Re1
Bc6 34. f4 g6 35. Re2 Bd5 36. Bb5 Ng4 37. c4 Bxc4 38. Bxc4 Rd1+ 39. Re1 Rxe1+
40. Bf1 Nxe5 41. fxe5 Rxe5 42. Bc4 Nd4 43. Nd2 g5 44. h5 f5 45. Kf2 f4 46. Bd3
b5 47. Ne4 c4 48. Bb1 b4 49. Ke1 a5 50. Kd1 a4 51. Kc1 c3 52. Nf2 Re2 53. Nd1
Rxg2 54. Bd3 c2 55. Nb2 a3 56. Nc4 b3 57. axb3 Nxb3# {Normal} 0-1

[Event "Rated Blitz game"]
[Site "?"]
[Date "2021.07.11"]
[Round "?"]
[White "monty82"]
[Black "ajedrezcosi"]
[Result "0-1"]
[WhiteElo "2449"]
[BlackElo "2274"]
[PlyCount "34"]
[EventDate "2021.??.??"]
[EventType "blitz"]

1. e4 e5 2. Nf3 d5 3. exd5 e4 4. Qe2 Nf6 5. d3 Qxd5 6. Nc3 Bb4 7. Bd2 Bxc3 8.
Bxc3 O-O 9. Bxf6 exf3 10. Qe5 Qxe5+ 11. Bxe5 Re8 12. d4 f6 13. Bc4+ Kh8 14.
O-O-O fxe5 15. dxe5 Bg4 16. g3 Nc6 17. h3 Be6 {Normal} 0-1

[Event "Rated Blitz tournament jNVw3Ude"]
[Site "?"]
[Date "2021.07.11"]
[Round "?"]
[White "Quparadze"]
[Black "dr_xStranger"]
[Result "0-1"]
[WhiteElo "2677"]
[BlackElo "2537"]
[PlyCount "44"]
[EventDate "2021.??.??"]
[EventType "blitz"]

1. e4 e5 2. Nf3 d5 3. exd5 e4 4. Qe2 Nf6 5. d3 Bb4+ 6. c3 O-O 7. dxe4 Bc5 8.
Nbd2 Re8 9. c4 c6 10. Qd3 cxd5 11. cxd5 Ng4 12. Nd4 Qxd5 13. N2b3 Rxe4+ 14. Be3
Nxe3 15. fxe3 Bxd4 16. Nxd4 Nc6 17. O-O-O Nxd4 18. exd4 Bf5 19. Rd2 Rc8+ 20.
Kd1 Bg4+ 21. Be2 Bxe2+ 22. Rxe2 Rxd4 {Normal} 0-1

[Event "Rated Blitz tournament gitvQYeL"]
[Site "?"]
[Date "2021.07.11"]
[Round "?"]
[White "AndreyBelozerov"]
[Black "Siebenschlaefer"]
[Result "1-0"]
[WhiteElo "2586"]
[BlackElo "2396"]
[PlyCount "52"]
[EventDate "2021.??.??"]
[EventType "blitz"]

1. e4 e5 2. Nf3 d5 3. exd5 e4 4. Qe2 Nf6 5. d3 Bb4+ 6. c3 O-O 7. dxe4 Ba5 8.
Qc2 Re8 9. Bd3 Qxd5 10. O-O Nxe4 11. b4 Bb6 12. c4 Qf5 13. c5 Nc6 14. cxb6 Nxb4
15. Bxe4 Rxe4 16. Qxc7 Be6 17. Nc3 Rg4 18. Rd1 h6 19. Nd4 Qg6 20. g3 axb6 21.
Nxe6 Qxe6 22. Bf4 Rc8 23. Rd8+ Rxd8 24. Qxd8+ Kh7 25. Qd4 Nc6 26. Qe4+ g6 {
Normal} 1-0

[Event "Rated Blitz tournament OPcM3WBc"]
[Site "?"]
[Date "2021.07.11"]
[Round "?"]
[White "Brave_spirit12"]
[Black "Cresswell"]
[Result "0-1"]
[WhiteElo "2478"]
[BlackElo "2515"]
[PlyCount "52"]
[EventDate "2021.??.??"]
[EventType "blitz"]

1. e4 e5 2. Nf3 d5 3. Nc3 d4 4. Ne2 Nc6 5. d3 Nf6 6. c3 Bc5 7. Qc2 Bg4 8. Bg5
Bxf3 9. gxf3 h6 10. Bh4 g5 11. Bg3 Qe7 12. h4 Rg8 13. hxg5 hxg5 14. Rh6 O-O-O
15. O-O-O Kb8 16. Bh3 dxc3 17. bxc3 Ba3+ 18. Kb1 Rd6 19. Qb3 Na5 20. Qxa3 Rb6+
21. Qb2 Rxb2+ 22. Kxb2 Rd8 23. Bf5 Nc4+ 24. Kc2 Qa3 25. Rb1 Qxa2+ 26. Kc1 Qd2#
{Normal} 0-1